| 000 | 00349nam a2200133Ia 4500 | ||
|---|---|---|---|
| 008 | 240624s9999 xx 000 0 und d | ||
| 041 | _aeng | ||
| 082 | _a658.4092 POL | ||
| 100 | _aPOLLAK LINDSEY | ||
| 245 | _aBECOMING THE BOSS NEW RULES FOR THE NEXT | ||
| 260 |
_c2014 _aNew York _bHarper Business |
||
| 300 | _ax, 301 p.; 23 cm. | ||
| 365 |
_c _b38 |
||
| 999 |
_c31534 _d31534 |
||